Kamila Valieva's programs - Statistics

General Stats
  • This quiz has been taken 13 times
  • The average score is 6 of 11
Answer Stats
Picture Answer % Correct
Bolero
71%
I See Red
71%
Avatar
57%
Black Panther
57%
Girl On The Ball
57%
In Memoriam
57%
Wednesday
57%
Exogenesis
43%
Spartacus
43%
Storm
43%
Truman Sleeps
43%
No matching quizzes found
Score Distribution
Percent of People with Each Score
Percentile by Number Answered
Your Score History
You have not taken this quiz